| 000 | 00651cam a2200229 a 4500 | ||
|---|---|---|---|
| 001 | 000015750 | ||
| 005 | 20200929164135.0 | ||
| 008 | 750811s1973 sp 001 0 spa | ||
| 020 | _a8439914059 | ||
| 035 | _a(OCoLC)1533481 | ||
| 040 |
_aDO-SdBNP _cFMU _dOCoLC _dDLC |
||
| 042 | _apremarc | ||
| 043 |
_anwpr--- _acc----- _acl----- |
||
| 050 | 0 | 0 |
_aPQ7440.C8 _bM5 |
| 082 |
_annn _bC963m |
||
| 100 | 1 |
_aCuchí Coll, Isabel. _914775 |
|
| 245 | 1 | 0 |
_aMi periodismo : _btrayectoria periodística / _cIsabel Cuchí Coll. |
| 260 |
_aBarcelona : _b[s.n.], _c1973. |
||
| 300 |
_a247 p. ; _c20 cm. |
||
| 910 | _aCatalogación por copia / LC | ||
| 049 | _aBNGR | ||
| 999 |
_c15300 _d15300 |
||